Normal view MARC view
  • Pausch, Randy

Entry Personal Name

Number of records used in: 1

001 - CONTROL NUMBER

  • control field: 39322

003 - CONTROL NUMBER IDENTIFIER

  • control field: OSt

005 - DATE AND TIME OF LATEST TRANSACTION

  • control field: 20160213140632.0

008 - FIXED-LENGTH DATA ELEMENTS

  • fixed length control field: 160213|| aca||aabn | a|a d

040 ## - CATALOGING SOURCE

  • Original cataloging agency: OSt

100 1# - HEADING--PERSONAL NAME

  • Personal name: Pausch, Randy

400 1# - SEE FROM TRACING--PERSONAL NAME

  • Personal name: Pausch, Randolf Frederick

400 1# - SEE FROM TRACING--PERSONAL NAME

  • Personal name: Pōṣ, R̲ānḍi